[Event "Mittelfranken Landesliga Nord 2223"]
[Site "Mittelfranken"]
[Date "2023.01.15"]
[Round "5.6"]
[White "Schraufl, Wolfhardt"]
[Black "Luessmann, Thomas"]
[Result "1/2-1/2"]
[WhiteElo "2034"]
[BlackElo "2044"]
[PlyCount "49"]
[EventDate "2022.10.09"]
[EventType "team-tourn"]
[EventRounds "9"]
[EventCountry "GER"]
[SourceTitle "EXT 2024"]
[Source "ChessBase"]
[SourceDate "2023.10.10"]
[SourceVersion "1"]
[SourceVersionDate "2023.10.10"]
[SourceQuality "1"]
[WhiteTeam "Altensittenbach"]
[BlackTeam "Erlangen II"]
[WhiteTeamCountry "GER"]
[BlackTeamCountry "GER"]

1. f4 d5 2. e3 Nf6 3. Nf3 Bf5 4. b3 e6 5. Bb2 Be7 6. Ne5 0-0 7. Be2 c5 8. g4 Be4 9. 0-0 h6 10. d3 Bh7 11. Nd2 Nfd7 12. Ndf3 Nxe5 13. Nxe5 f6 14. Nf3 Nc6 15. Kh1 b5 16. h4 Qc7 17. Qd2 Rad8 18. Rg1 c4 19. Nd4 Nxd4 20. exd4 cxd3 21. Bxd3 Bxd3 22. cxd3 f5 23. g5 hxg5 24. hxg5 g6 25. Kg2 1/2-1/2

[Event "Mittelfranken Landesliga Nord 2223"]
[Site "Mittelfranken"]
[Date "2022.12.11"]
[Round "4.6"]
[White "Paerr, Manfred"]
[Black "Schraufl, Wolfhardt"]
[Result "0-1"]
[WhiteElo "2045"]
[BlackElo "2034"]
[PlyCount "120"]
[EventDate "2022.10.09"]
[EventType "team-tourn"]
[EventRounds "9"]
[EventCountry "GER"]
[SourceTitle "EXT 2024"]
[Source "ChessBase"]
[SourceDate "2023.10.10"]
[SourceVersion "1"]
[SourceVersionDate "2023.10.10"]
[SourceQuality "1"]
[WhiteTeam "Kareth Lappersdorf"]
[BlackTeam "Altensittenbach"]
[WhiteTeamCountry "GER"]
[BlackTeamCountry "GER"]

1. f4 e5 2. fxe5 d6 3. exd6 Bxd6 4. Nf3 Bg4 5. e4 Nc6 6. Bb5 Nge7 7. d4 0-0 8. c3 Ng6 9. Be3 Nh4 10. Qe2 Qf6 11. Nbd2 Bf4 12. 0-0 Rae8 13. Rae1 Nxf3+ 14. gxf3 Bh3 15. Bxf4 Bxf1 16. Nxf1 Qxf4 17. Kg2 Re6 18. Ng3 Ne7 19. Bd3 Rh6 20. Rg1 Ng6 21. Nf1 Nh4+ 22. Kf2 Rf6 23. e5 Qxf3+ 24. Qxf3 Rxf3+ 25. Ke2 Rh3 26. a4 Ng6 27. Be4 c6 28. Kd2 Nh4 29. Ke2 f5 30. Bd3 f4 31. Bc4+ Kh8 32. Be6 Nf5 33. Rg4 Ne3 34. Rxf4 Rxf4 35. Bxh3 Nxf1 36. Bxf1 g5 37. Bg2 Kg7 38. b4 Kf7 39. b5 cxb5 40. axb5 b6 41. Ke3 Ke6 42. h3 h5 43. c4 Rh4 44. Kd3 Rf4 45. Ke3 Rh4 46. Bd5+ Ke7 47. Bg2 Ke6 48. Bd5+ Kf5 49. Bg2 g4 50. hxg4+ hxg4 51. Be4+ Ke6 52. Bb7 g3 53. Bc8+ Ke7 54. d5 Rxc4 55. d6+ Kd8 56. Bb7 Kd7 57. Bg2 Ke6 58. Bf1 Rc5 59. Kf4 Rxe5 60. d7 Rf5+ 0-1

[Event "Mittelfranken Landesliga Nord 2223"]
[Site "Mittelfranken"]
[Date "2022.11.27"]
[Round "3.6"]
[White "Schraufl, Wolfhardt"]
[Black "Beetz, Maximilian"]
[Result "1-0"]
[WhiteElo "2034"]
[BlackElo "2017"]
[PlyCount "45"]
[EventDate "2022.10.09"]
[EventType "team-tourn"]
[EventRounds "9"]
[EventCountry "GER"]
[SourceTitle "EXT 2024"]
[Source "ChessBase"]
[SourceDate "2023.10.10"]
[SourceVersion "1"]
[SourceVersionDate "2023.10.10"]
[SourceQuality "1"]
[WhiteTeam "Altensittenbach"]
[BlackTeam "Herzogenaurach"]
[WhiteTeamCountry "GER"]
[BlackTeamCountry "GER"]

1. e4 d6 2. d4 Nf6 3. Nc3 c6 4. a4 Qa5 5. f3 e5 6. Be3 Be7 7. Nge2 0-0 8. g4 Nbd7 9. Ng3 Rd8 10. g5 Ne8 11. Nf5 Bf8 12. Rg1 d5 13. Bd3 Kh8 14. exd5 Nb6 15. Qd2 Bxf5 16. Bxf5 Nc4 17. Qc1 Nxe3 18. Qxe3 exd4 19. Qxd4 Rxd5 20. Qg4 Rxf5 21. 0-0-0 Nd6 22. Rge1 Re5 23. b4 1-0

[Event "Mittelfranken Landesliga Nord 2223"]
[Site "Mittelfranken"]
[Date "2022.10.09"]
[Round "1.6"]
[White "Schraufl, Wolfhardt"]
[Black "Kordts, Wolfgang"]
[Result "1/2-1/2"]
[WhiteElo "2034"]
[BlackElo "2066"]
[PlyCount "96"]
[EventDate "2022.10.09"]
[EventType "team-tourn"]
[EventRounds "9"]
[EventCountry "GER"]
[SourceTitle "EXT 2024"]
[Source "ChessBase"]
[SourceDate "2023.10.10"]
[SourceVersion "1"]
[SourceVersionDate "2023.10.10"]
[SourceQuality "1"]
[WhiteTeam "Altensittenbach"]
[BlackTeam "Nuernberg Sued SW"]
[WhiteTeamCountry "GER"]
[BlackTeamCountry "GER"]

1. d4 Nf6 2. g3 c5 3. d5 b5 4. Bg2 d6 5. a4 b4 6. c4 bxc3 7. Nxc3 g6 8. e4 Nbd7 9. Nge2 Bg7 10. 0-0 0-0 11. h3 Ba6 12. Qc2 Rb8 13. Rd1 Bc4 14. Nb5 Bxb5 15. axb5 Rxb5 16. Rxa7 Qb6 17. Ra2 Rb8 18. Kh2 Ra5 19. Rxa5 Qxa5 20. Bd2 Qa2 21. Bc3 Nb6 22. Nc1 Qc4 23. f3 Qa6 24. Bf1 Qa7 25. b3 Nfd7 26. Bxg7 Kxg7 27. Qc3+ Kg8 28. Rd2 Qb7 29. Ra2 Ra8 30. Qa1 Rxa2+ 31. Qxa2 Qa8 32. Bb5 Qxa2+ 33. Nxa2 e6 34. Nc3 Kf8 35. Kg2 Ke7 36. f4 h6 37. Kf3 e5 38. Ke3 g5 39. fxg5 hxg5 40. Be2 Nf8 41. Kd3 Nfd7 42. Bg4 Nf6 43. Bd1 Ng8 44. Nb5 Nh6 45. h4 gxh4 46. gxh4 f5 47. Nc3 Kf6 48. Nb5 Ke7 1/2-1/2

[Event "Regionalliga Nord-Ost 1819"]
[Site "Bayern"]
[Date "2019.02.03"]
[Round "6.8"]
[White "Bartmann, Florian"]
[Black "Schraufl, Wolfhardt"]
[Result "1/2-1/2"]
[WhiteElo "1757"]
[BlackElo "1951"]
[PlyCount "115"]
[EventDate "2018.10.21"]
[EventType "team-tourn"]
[EventRounds "9"]
[EventCountry "GER"]
[SourceTitle "EXT 2022"]
[Source "ChessBase"]
[SourceDate "2021.10.06"]
[SourceVersion "1"]
[SourceVersionDate "2021.10.06"]
[SourceQuality "1"]
[WhiteTeam "Kelheim SK II"]
[BlackTeam "Altensittenbach"]
[WhiteTeamCountry "GER"]
[BlackTeamCountry "GER"]

1. e4 e5 2. Nf3 d6 3. d4 Nd7 4. Bc4 c6 5. 0-0 Be7 6. Bb3 Ngf6 7. Nc3 0-0 8. a4 Rb8 9. Re1 b6 10. h3 a6 11. Bg5 Qc7 12. Ne2 c5 13. c3 h6 14. Bh4 Re8 15. Ng3 g5 16. Nf5 Bf8 17. Bg3 c4 18. Bc2 b5 19. axb5 axb5 20. Qd2 Nh7 21. Bh2 Ndf6 22. g4 Bb7 23. d5 Nd7 24. h4 f6 25. Bg3 Nc5 26. Kg2 Bc8 27. Ne3 Bg7 28. Rh1 Nf8 29. hxg5 fxg5 30. Nf5 Bxf5 31. gxf5 Nfd7 32. Nh2 Nf6 33. f3 Ra8 34. Ng4 Nxg4 35. fxg4 Nd7 36. Bf2 Nf6 37. Kf3 Kf7 38. Qe3 Nd7 39. Qd2 Qb7 40. Be3 Rxa1 41. Rxa1 Ra8 42. Qc1 Bf6 43. Qh1 Rxa1 44. Qxa1 Bd8 45. Qh1 Bb6 46. Qh5+ Ke7 47. Bxb6 Qxb6 48. Qxh6 Qg1 49. Qxg5+ Ke8 50. Qh5+ Kd8 51. Qh4+ Kc7 52. Qf2 Qh1+ 53. Qg2 Qc1 54. g5 Qf4+ 55. Ke2 Qc1 56. Kf3 Qf4+ 57. Ke2 Qc1 58. Kf3 1/2-1/2

[Event "Regionalliga Nord-Ost 1718"]
[Site "Bayern"]
[Date "2017.12.10"]
[Round "4.7"]
[White "Schmidt, Johann1111"]
[Black "Schraufl, Wolfhardt"]
[Result "0-1"]
[WhiteElo "1793"]
[BlackElo "1925"]
[PlyCount "120"]
[EventDate "2017.10.22"]
[EventType "team-tourn"]
[EventRounds "9"]
[EventCountry "GER"]
[SourceTitle "EXT 2022"]
[Source "ChessBase"]
[SourceDate "2021.10.06"]
[SourceVersion "1"]
[SourceVersionDate "2021.10.06"]
[SourceQuality "1"]
[WhiteTeam "Weiden"]
[BlackTeam "Altensittenbach"]
[WhiteTeamCountry "GER"]
[BlackTeamCountry "GER"]

1. d4 Nf6 2. c4 c5 3. d5 e6 4. Nc3 exd5 5. cxd5 d6 6. e4 g6 7. Nf3 Bg7 8. Be2 0-0 9. 0-0 Bg4 10. h3 Bxf3 11. Bxf3 a6 12. a4 Nbd7 13. Bf4 Qc7 14. Qc2 Rfe8 15. Rad1 Re7 16. b3 Rae8 17. Rfe1 Ne5 18. Bxe5 Rxe5 19. g3 R5e7 20. Kh2 Nd7 21. Bg2 f5 22. f3 Qa5 23. Ne2 fxe4 24. fxe4 b5 25. Nf4 Nf8 26. axb5 axb5 27. Qd3 Rc7 28. Ne6 c4 29. Nxc7 cxd3 30. Nxe8 Be5 31. Nxd6 Bxd6 32. e5 d2 33. Re3 Bb4 34. d6 Qa2 35. Bd5+ Kg7 36. Rf3 Qc2 37. Rf7+ Kh6 38. Bf3 Ne6 39. h4 Nd4 40. Bg4 Qxb3 41. d7 Qd5 42. Rf4 Bc3 43. e6 Nc6 44. Bf3 Qxe6 45. Bxc6 Qe2+ 46. Kh3 Qe6+ 47. g4 Ba5 48. Rf6 Qb3+ 49. Bf3 Kg7 50. g5 Qe3 51. Rf1 Qd3 52. Kg2 Qxd7 53. Bd1 Qd5+ 54. R1f3 Bb4 55. Rf7+ Qxf7 56. Rxf7+ Kxf7 57. Kf3 Bd6 58. Bb3+ Kg7 59. Kg4 h6 60. h5 hxg5 0-1

[Event "Regionalliga NO 1617"]
[Site "Bayern"]
[Date "2017.03.19"]
[Round "7.7"]
[White "Schraufl, Wolfhardt"]
[Black "Schoen, Rudolf"]
[Result "1/2-1/2"]
[WhiteElo "1922"]
[BlackElo "1854"]
[PlyCount "67"]
[EventDate "2016.10.16"]
[EventType "team-tourn"]
[EventRounds "9"]
[EventCountry "GER"]
[SourceTitle "EXT 2019"]
[Source "ChessBase"]
[SourceDate "2018.10.10"]
[SourceVersion "1"]
[SourceVersionDate "2018.10.10"]
[SourceQuality "1"]
[WhiteTeam "Altensittenbach"]
[BlackTeam "Windischeschenbach"]
[WhiteTeamCountry "GER"]
[BlackTeamCountry "GER"]

1. e4 c5 2. Nf3 g6 3. c3 Bg7 4. d4 Qc7 5. h3 b6 6. Be3 Bb7 7. Bd3 Nf6 8. Nbd2 0-0 9. 0-0 c4 10. Bc2 b5 11. a4 a6 12. axb5 axb5 13. Rxa8 Bxa8 14. Qa1 Bb7 15. Qa3 d6 16. Qb4 Qd7 17. Ra1 Na6 18. Qa5 Ra8 19. Qb6 Nc7 20. Ra7 Rxa7 21. Qxa7 Qc8 22. Qa5 Nfe8 23. b3 cxb3 24. Bxb3 Qa8 25. Qb4 e6 26. Bc2 d5 27. e5 Qa1+ 28. Kh2 Bf8 29. Qb3 Bc6 30. Bd3 Qa3 31. Ne1 b4 32. cxb4 Qxb3 33. Nxb3 Bxb4 34. Bd2 1/2-1/2

[Event "Regionalliga NO 1617"]
[Site "Bayern"]
[Date "2017.02.19"]
[Round "6.7"]
[White "Bassermann, Andreas"]
[Black "Schraufl, Wolfhardt"]
[Result "0-1"]
[WhiteElo "1803"]
[BlackElo "1922"]
[PlyCount "54"]
[EventDate "2016.10.16"]
[EventType "team-tourn"]
[EventRounds "9"]
[EventCountry "GER"]
[SourceTitle "EXT 2019"]
[Source "ChessBase"]
[SourceDate "2018.10.10"]
[SourceVersion "1"]
[SourceVersionDate "2018.10.10"]
[SourceQuality "1"]
[WhiteTeam "Regensburg Turnerschaft"]
[BlackTeam "Altensittenbach"]
[WhiteTeamCountry "GER"]
[BlackTeamCountry "GER"]

1. e4 e5 2. Nf3 d6 3. d4 Nd7 4. Bc4 c6 5. a4 Be7 6. Nc3 Ngf6 7. 0-0 0-0 8. Bb3 Qc7 9. h3 exd4 10. Qxd4 Nc5 11. Bc4 Be6 12. Bf4 Nfd7 13. Rfe1 Bf6 14. e5 dxe5 15. Nxe5 Nxe5 16. Bxe5 Bxe5 17. Rxe5 b6 18. Bxe6 Nxe6 19. Qe3 Rad8 20. Rd1 Rxd1+ 21. Nxd1 Qd6 22. Nc3 Qb4 23. b3 Rd8 24. g3 Kf8 25. Re4 Rd4 26. Rxd4 Nxd4 27. Qd3 Qxc3 0-1

[Event "Regionalliga NO 1617"]
[Site "Bayern"]
[Date "2016.10.16"]
[Round "1.8"]
[White "Schraufl, Wolfhardt"]
[Black "Born, Reiner"]
[Result "1/2-1/2"]
[WhiteElo "1922"]
[BlackElo "1920"]
[PlyCount "43"]
[EventDate "2016.10.16"]
[EventType "team-tourn"]
[EventRounds "9"]
[EventCountry "GER"]
[SourceTitle "EXT 2019"]
[Source "ChessBase"]
[SourceDate "2018.10.10"]
[SourceVersion "1"]
[SourceVersionDate "2018.10.10"]
[SourceQuality "1"]
[WhiteTeam "Altensittenbach"]
[BlackTeam "Regensburg Bavaria"]
[WhiteTeamCountry "GER"]
[BlackTeamCountry "GER"]

1. e4 e6 2. d3 d5 3. Nd2 c5 4. Ngf3 Nc6 5. g3 g6 6. Bg2 Bg7 7. 0-0 Nge7 8. Re1 h6 9. h3 0-0 10. c3 b6 11. e5 Qc7 12. Qe2 Ba6 13. Nf1 Rad8 14. N1h2 Kh7 15. Ng4 Ng8 16. Bf4 Qe7 17. Rad1 b5 18. h4 Rc8 19. Qd2 b4 20. Bf1 bxc3 21. bxc3 Rb8 22. Rb1 1/2-1/2

[Event "Mittelfranken-chTB2a 1213"]
[Site "Germany"]
[Date "2012.10.21"]
[Round "2.3"]
[White "Hannweber, Markus"]
[Black "Schraufl, Wolfhardt"]
[Result "1/2-1/2"]
[WhiteElo "2029"]
[BlackElo "2108"]
[PlyCount "86"]
[EventDate "2012.10.07"]
[EventType "team-tourn"]
[EventRounds "9"]
[EventCountry "GER"]
[SourceTitle "EXT 2019"]
[Source "ChessBase"]
[SourceDate "2018.10.10"]
[SourceVersion "1"]
[SourceVersionDate "2018.10.10"]
[SourceQuality "1"]
[WhiteTeam "Nuernberg SK 1911 II"]
[BlackTeam "Cadolzburg"]
[WhiteTeamCountry "GER"]
[BlackTeamCountry "GER"]

1. e4 d6 2. Nf3 Nd7 3. Nc3 c6 4. Be2 e5 5. 0-0 Ngf6 6. d3 Be7 7. h3 0-0 8. Be3 Qc7 9. Qd2 a6 10. a4 d5 11. exd5 cxd5 12. Nd1 b6 13. Bg5 Bb7 14. c3 Rfe8 15. Rc1 Nc5 16. Qc2 Ne6 17. Bh4 Rac8 18. Bg3 Bd6 19. Ne3 g6 20. Rfd1 Nh5 21. Bh2 Nhf4 22. Ng4 Kg7 23. Bf1 f5 24. Ne3 e4 25. dxe4 dxe4 26. Bxf4 Bxf4 27. Nd4 Nxd4 28. Rxd4 Bh2+ 29. Kh1 Be5 30. Rc4 Qf7 31. Rxc8 Rxc8 32. Rd1 Bc7 33. Bc4 Qe8 34. Nf1 Rd8 35. Rxd8 Qxd8 36. Qd2 Qxd2 37. Nxd2 g5 38. Kg1 Kf6 39. Kf1 h5 40. Be2 Kg6 41. Nc4 g4 42. hxg4 fxg4 43. Ne3 a5 1/2-1/2

[Event "Mittelfrankenliga-B2b 0708"]
[Site "Mittelfranken"]
[Date "2008.04.13"]
[Round "8.4"]
[White "Schraufl, Wolfhardt"]
[Black "Horneber, Thomas"]
[Result "1-0"]
[WhiteElo "1907"]
[BlackElo "1900"]
[PlyCount "78"]
[EventDate "2007.10.14"]
[EventType "team-tourn"]
[EventRounds "9"]
[EventCountry "GER"]
[SourceTitle "EXT 2011"]
[Source "ChessBase"]
[SourceDate "2010.11.26"]
[SourceVersion "1"]
[SourceVersionDate "2010.11.26"]
[SourceQuality "1"]
[WhiteTeam "Cadolzburg"]
[BlackTeam "Heilsbronn"]
[WhiteTeamCountry "GER"]
[BlackTeamCountry "GER"]

1. e4 d6 2. d4 Nf6 3. Nc3 g6 4. Nge2 Bg7 5. g3 Nc6 6. h3 Bd7 7. Bg2 Qc8 8. Be3 0-0 9. Qd2 Na5 10. b3 c5 11. Nd5 Nxd5 12. exd5 b6 13. c4 Rb8 14. Rc1 e5 15. dxe6 fxe6 16. dxc5 dxc5 17. Bh6 Nc6 18. Bxg7 Kxg7 19. Rd1 Rf7 20. Qd6 Qe8 21. Bxc6 Bxc6 22. Qe5+ Kg8 23. 0-0 Rf5 24. Qe3 e5 25. Rd6 Rf3 26. Qg5 Rf5 27. Qd2 Ba8 28. Nc3 Qf8 29. Rd7 Rh5 30. h4 g5 31. Nd5 gxh4 32. g4 Rh6 33. Qg5+ Rg6 34. Ne7+ Qxe7 35. Qxe7 Rxg4+ 36. Kh2 Rg2+ 37. Kh3 Be4 38. Rd8+ Rxd8 39. Qxd8+ Kf7 1-0

[Event "Mittelfrankenliga-B2b 0708"]
[Site "Mittelfranken"]
[Date "2008.01.13"]
[Round "4.4"]
[White "Kendzia, Nikolai"]
[Black "Schraufl, Wolfhardt"]
[Result "1-0"]
[WhiteElo "1904"]
[BlackElo "1907"]
[PlyCount "87"]
[EventDate "2007.10.14"]
[EventType "team-tourn"]
[EventRounds "9"]
[EventCountry "GER"]
[SourceTitle "EXT 2011"]
[Source "ChessBase"]
[SourceDate "2010.11.26"]
[SourceVersion "1"]
[SourceVersionDate "2010.11.26"]
[SourceQuality "1"]
[WhiteTeam "Postbauer II"]
[BlackTeam "Cadolzburg"]
[WhiteTeamCountry "GER"]
[BlackTeamCountry "GER"]

1. e4 e5 2. Nf3 d6 3. d4 Nd7 4. Bc4 c6 5. 0-0 Be7 6. Nc3 Ngf6 7. d5 Qc7 8. h3 a6 9. a4 Nb6 10. Bb3 cxd5 11. exd5 0-0 12. Qd3 Nbd7 13. Be3 b6 14. Rad1 Qd8 15. Ba2 Ne8 16. Nd2 f5 17. f4 e4 18. Qe2 Bf6 19. Nb3 Nc5 20. Nd4 Bd7 21. b4 Bxd4 22. Bxd4 Nxa4 23. Nxa4 Bxa4 24. Ra1 Bd7 25. Bb3 Nf6 26. Rxa6 Rb8 27. Rfa1 Be8 28. c4 Kh8 29. Qa2 Nh5 30. Qf2 b5 31. c5 dxc5 32. bxc5 Bf7 33. Rd6 Qe7 34. Be5 Ra8 35. Rda6 Qb7 36. c6 Qxa6 37. Rxa6 Rxa6 38. Qb2 Kg8 39. c7 Nf6 40. d6 e3 41. Bxf7+ Kxf7 42. Qb3+ Kg6 43. Qxe3 Ne4 44. d7 1-0

[Event "Mittelfrankenliga-B2b 0708"]
[Site "Mittelfranken"]
[Date "2007.11.25"]
[Round "3.4"]
[White "Schraufl, Wolfhardt"]
[Black "Reichmann, Ulrich"]
[Result "0-1"]
[WhiteElo "1907"]
[BlackElo "1944"]
[PlyCount "50"]
[EventDate "2007.10.14"]
[EventType "team-tourn"]
[EventRounds "9"]
[EventCountry "GER"]
[SourceTitle "EXT 2011"]
[Source "ChessBase"]
[SourceDate "2010.11.26"]
[SourceVersion "1"]
[SourceVersionDate "2010.11.26"]
[SourceQuality "1"]
[WhiteTeam "Cadolzburg"]
[BlackTeam "Heideck/Hilpoltstein"]
[WhiteTeamCountry "GER"]
[BlackTeamCountry "GER"]

1. d4 Nf6 2. Nf3 c5 3. g3 cxd4 4. Nxd4 e5 5. Nf3 Bc5 6. Nxe5 Qa5+ 7. Nc3 Bxf2+ 8. Kxf2 Qxe5 9. Bf4 Qc5+ 10. e3 0-0 11. Bh3 d5 12. Bxc8 Qxc8 13. h3 Na6 14. Rc1 Rd8 15. Kg2 Qe6 16. Qd4 Rac8 17. Nb5 Rc4 18. Qe5 Qb6 19. Nd6 Rc6 20. Nf5 Re6 21. Qd4 Qc6 22. Kh2 Rde8 23. c4 dxc4 24. Rxc4 Qf3 25. Qd1 Qf2# 0-1

[Event "Mittelfrankenliga-B2b 0708"]
[Site "Mittelfranken"]
[Date "2007.10.14"]
[Round "1.4"]
[White "Hartinger, Martin"]
[Black "Schraufl, Wolfhardt"]
[Result "0-1"]
[WhiteElo "1847"]
[BlackElo "1907"]
[PlyCount "60"]
[EventDate "2007.10.14"]
[EventType "team-tourn"]
[EventRounds "9"]
[EventCountry "GER"]
[SourceTitle "EXT 2011"]
[Source "ChessBase"]
[SourceDate "2010.11.26"]
[SourceVersion "1"]
[SourceVersionDate "2010.11.26"]
[SourceQuality "1"]
[WhiteTeam "Muehlhof"]
[BlackTeam "Cadolzburg"]
[WhiteTeamCountry "GER"]
[BlackTeamCountry "GER"]

1. e4 e5 2. Nf3 d6 3. d4 Nd7 4. b3 Ngf6 5. Nbd2 exd4 6. Nxd4 Nc5 7. Bd3 g6 8. Bb2 Bg7 9. Rb1 0-0 10. 0-0 Re8 11. Re1 c6 12. b4 Nxd3 13. cxd3 d5 14. N4b3 b6 15. e5 Nh5 16. d4 Bf5 17. Rc1 Nf4 18. Re3 Nd3 19. Rc2 Nxb4 20. Rcc3 Bh6 21. Re2 Rc8 22. Qa1 Bd3 23. Ba3 Bxe2 24. Bxb4 a5 25. Bd6 a4 26. Rh3 Bh5 27. f3 axb3 28. Nxb3 f5 29. Kh1 Bf8 30. Qg1 Qg5 0-1

[Event "Mittelfrankenliga-B2b 0607"]
[Site "Mittelfranken"]
[Date "2007.03.25"]
[Round "8.1"]
[White "Wittmann, Paul"]
[Black "Schraufl, Wolfhardt"]
[Result "1-0"]
[WhiteElo "2078"]
[BlackElo "1945"]
[PlyCount "111"]
[EventDate "2006.10.22"]
[EventType "team-tourn"]
[EventRounds "9"]
[EventCountry "GER"]
[SourceTitle "EXT 2011"]
[Source "ChessBase"]
[SourceDate "2010.11.26"]
[SourceVersion "1"]
[SourceVersionDate "2010.11.26"]
[SourceQuality "1"]
[WhiteTeam "Nuernberg Zabo"]
[BlackTeam "Cadolzburg"]
[WhiteTeamCountry "GER"]
[BlackTeamCountry "GER"]

1. d4 Nf6 2. Bg5 d5 3. Bxf6 gxf6 4. c4 c6 5. e3 dxc4 6. Bxc4 b5 7. Be2 a6 8. Bf3 e6 9. Ne2 Bb7 10. Nd2 Nd7 11. 0-0 f5 12. Qc2 Rc8 13. Nb3 Qb6 14. Rfc1 c5 15. Bxb7 Qxb7 16. dxc5 Bxc5 17. Na5 Qc7 18. Qd2 0-0 19. Nb3 Rfd8 20. Nxc5 Nxc5 21. Qc2 Qd7 22. Rd1 Nd3 23. Qd2 e5 24. e4 f4 25. Nc3 Qd4 26. Nd5 Nxb2 27. Qxd4 exd4 28. Rxd4 Kf8 29. Rd2 Nc4 30. Rc2 f5 31. Nxf4 Kf7 32. exf5 Rd4 33. g3 Rg8 34. Ne6 Rd5 35. Nc7 Rxf5 36. Nxa6 Ra8 37. Nc7 Rc8 38. Na6 Ra8 39. Nb4 Ra4 40. Nc6 Rd5 41. Re1 Nd2 42. Kg2 Nc4 43. Re7+ Kg6 44. Rce2 Rd6 45. Ne5+ Nxe5 46. R7xe5 Rb6 47. Rb2 b4 48. Re4 Kf5 49. Re3 h5 50. h4 Rb5 51. Reb3 Rba5 52. Rxb4 Rxb4 53. Rxb4 Rxa2 54. Rb6 Ra5 55. Rh6 Ke4 56. Rg6 1-0

[Event "Mittelfrankenliga-B2b 0607"]
[Site "Mittelfranken"]
[Date "2007.02.11"]
[Round "6.2"]
[White "Schraufl, Wolfhardt"]
[Black "Wuensch, Rainer"]
[Result "1/2-1/2"]
[WhiteElo "1945"]
[BlackElo "2010"]
[PlyCount "85"]
[EventDate "2006.10.22"]
[EventType "team-tourn"]
[EventRounds "9"]
[EventCountry "GER"]
[SourceTitle "EXT 2011"]
[Source "ChessBase"]
[SourceDate "2010.11.26"]
[SourceVersion "1"]
[SourceVersionDate "2010.11.26"]
[SourceQuality "1"]
[WhiteTeam "Cadolzburg"]
[BlackTeam "Rothenburg"]
[WhiteTeamCountry "GER"]
[BlackTeamCountry "GER"]

1. d4 Nf6 2. g3 g6 3. Bg2 Bg7 4. e4 0-0 5. Nc3 d6 6. h3 c6 7. a4 Na6 8. Nge2 Qc7 9. 0-0 Bd7 10. Be3 e5 11. g4 Rad8 12. Qc1 Rfe8 13. Ng3 Bc8 14. dxe5 dxe5 15. f4 exf4 16. Bxf4 Qe7 17. Kh1 Nd7 18. Nce2 Ne5 19. Bg5 f6 20. Bd2 Be6 21. b3 c5 22. Nf4 Nc7 23. Bc3 c4 24. b4 Bf7 25. Qb2 b5 26. a5 a6 27. Rad1 Rxd1 28. Rxd1 Rd8 29. Rf1 Qd6 30. Rf2 Qc6 31. Rf1 Rd6 32. Qa1 Qd7 33. Qe1 Bh6 34. Qf2 Rd1 35. Nfe2 Rxf1+ 36. Bxf1 Kg7 37. Nd4 Ne6 38. Nge2 Ng5 39. Bg2 Qb7 40. Ng3 Qd7 41. Ngf5+ gxf5 42. Nxf5+ Kg6 43. Nh4+ 1/2-1/2

[Event "Mittelfrankenliga-B2b 0607"]
[Site "Mittelfranken"]
[Date "2007.01.14"]
[Round "4.2"]
[White "Schraufl, Wolfhardt"]
[Black "Kendzia, Nikolai"]
[Result "1/2-1/2"]
[WhiteElo "1945"]
[BlackElo "1898"]
[PlyCount "53"]
[EventDate "2006.10.22"]
[EventType "team-tourn"]
[EventRounds "9"]
[EventCountry "GER"]
[SourceTitle "EXT 2011"]
[Source "ChessBase"]
[SourceDate "2010.11.26"]
[SourceVersion "1"]
[SourceVersionDate "2010.11.26"]
[SourceQuality "1"]
[WhiteTeam "Cadolzburg"]
[BlackTeam "Postbauer II"]
[WhiteTeamCountry "GER"]
[BlackTeamCountry "GER"]

1. d4 Nf6 2. g3 d5 3. Bg2 c6 4. Nf3 Bf5 5. 0-0 e6 6. b3 Bd6 7. Bb2 Nbd7 8. c4 0-0 9. Nc3 Re8 10. Nd2 Rc8 11. e4 dxe4 12. Ndxe4 Nxe4 13. Nxe4 Bf8 14. f4 Bxe4 15. Bxe4 Nf6 16. Bf3 Qb6 17. Kh1 c5 18. d5 exd5 19. Bxf6 Qxf6 20. Bxd5 b6 21. Qd2 g6 22. Rae1 Bg7 23. f5 g5 24. Re2 Rxe2 25. Qxe2 Rf8 26. g4 Qe5 27. Qd2 1/2-1/2

[Event "Regionalliga NO 0506"]
[Site "Bayern"]
[Date "2006.01.15"]
[Round "5.3"]
[White "Wippich, Markus"]
[Black "Schraufl, Wolfhardt"]
[Result "1-0"]
[WhiteElo "1998"]
[BlackElo "1984"]
[PlyCount "60"]
[EventDate "2005.10.23"]
[EventType "team-tourn"]
[EventRounds "9"]
[EventCountry "GER"]
[SourceTitle "EXT 2007"]
[Source "ChessBase"]
[SourceDate "2006.11.23"]
[SourceVersion "1"]
[SourceVersionDate "2006.11.23"]
[SourceQuality "1"]

1. d4 Nf6 2. Nf3 c5 3. c3 e6 4. e3 d5 5. Bd3 Nc6 6. Nbd2 Be7 7. 0-0 0-0 8. dxc5 Bxc5 9. e4 dxe4 10. Nxe4 Nxe4 11. Bxe4 f5 12. Bc2 Qf6 13. Qe2 h6 14. Re1 g5 15. Bb3 Kg7 16. Be3 Bxe3 17. Qxe3 e5 18. Rad1 g4 19. Nd2 f4 20. Qc5 b6 21. Qb5 a6 22. Qxb6 Bf5 23. Bd5 Rac8 24. Qxa6 Rfd8 25. Be4 Qg6 26. Bxf5 Qxf5 27. Qe2 Qc2 28. Qxg4+ Kh8 29. Nc4 Rg8 30. Qh5 Rc7 1-0

[Event "Regionalliga NO 0405"]
[Site "Bayern"]
[Date "2005.03.13"]
[Round "8.4"]
[White "Sikorsky, Horst"]
[Black "Schraufl, Wolfhardt"]
[Result "1/2-1/2"]
[WhiteElo "2110"]
[BlackElo "1964"]
[PlyCount "93"]
[EventDate "2004.10.24"]
[EventType "team-tourn"]
[EventRounds "9"]
[EventCountry "GER"]
[SourceTitle "EXT 2007"]
[Source "ChessBase"]
[SourceDate "2006.11.23"]
[SourceVersion "1"]
[SourceVersionDate "2006.11.23"]
[SourceQuality "1"]
[WhiteTeam "Gunzenhausen"]
[BlackTeam "Schwabach"]
[WhiteTeamCountry "GER"]
[BlackTeamCountry "GER"]

1. e4 e5 2. Nf3 d6 3. d4 Nd7 4. Be2 Ngf6 5. Nc3 c6 6. 0-0 Be7 7. Nh4 exd4 8. Qxd4 Nc5 9. Nf5 Bxf5 10. exf5 0-0 11. b4 Ncd7 12. Be3 d5 13. Qf4 Ne8 14. b5 Bf6 15. Bd4 Bg5 16. Qg4 c5 17. Be3 Bf6 18. Bd2 Nd6 19. Rad1 Ne5 20. Qh3 d4 21. Na4 Rc8 22. g4 Ne4 23. Be1 Qd5 24. f4 Nc4 25. Qb3 Nb6 26. Nxb6 Qxb3 27. axb3 axb6 28. g5 Be7 29. Kg2 Nd6 30. Bd3 f6 31. Bg3 Rfe8 32. h4 Kf7 33. Bf2 Ra8 34. Ra1 g6 35. fxg6+ hxg6 36. Kf3 f5 37. Rh1 Rh8 38. Rhe1 Rhe8 39. Rh1 Rh8 40. Rxa8 Rxa8 41. h5 Bf8 42. hxg6+ Kxg6 43. Re1 Kf7 44. Bh4 Re8 45. Rxe8 Kxe8 46. g6 Bg7 47. Bg5 1/2-1/2